| 000 | 02522nam0a2200409 4500 | ||
|---|---|---|---|
| 001 | RU\NLR\bibl\1404143 | ||
| 005 | 20260407150305.0 | ||
| 010 |
_a978-5-901244-13-5 _9300 |
||
| 021 |
_aRU _b2009-50232 _93082 |
||
| 035 | _a(nilc)RSL-KNO-004345534 | ||
| 035 | _a(NLR Aleph) 001396142 | ||
| 090 |
_a1193174 _c1193174 |
||
| 100 | _a20090619d2008 |||y0rusy50 ca | ||
| 101 | 0 | _arus | |
| 102 | _aRU | ||
| 105 | _ay zzzz||||| | ||
| 200 | 1 |
_aПрогнозно-поисковая геохимия _eсовременное состояние и перспективы развития _e[сборник статей] _fМ-во природных ресурсов и экологии Российской Федерации, Федеральное агентство по недропользованию, Российская акад. наук, Федеральное гос. унитарное предприятие Ин-т минералогии, геохимии и кристаллохимии редких элементов, Московский гос. ун-т им. М. В. Ломоносова, Геологический фак., Каф. геохимии _g[отв. ред. А. А. Кременецкий, А. А. Матвеев] |
|
| 210 |
_aМосква _cИМГРЭ _d2008 |
||
| 215 |
_a341 с. _cил., портр., табл., цв. ил. _d27 |
||
| 300 | _aК 100-летию со дня рождения Александра Петровича Соловова | ||
| 320 | _aБиблиогр. в конце ст. | ||
| 600 | 1 |
_aСоловов _bА.П. _f1908 - 1993 _gАлександр Петрович _92125739 _3RU\NLR\auth\661283123 |
|
| 606 | 1 |
_aГеологические разведки _jСборники _xГеохимические методы _91155601 _3RU\NLR\auth\66143614 |
|
| 686 |
_aД443.51,0 _2rubbk |
||
| 686 | _aД3д(2)Соловов | ||
| 686 | _aД443.51я43 | ||
| 702 | 1 |
_4340 _aКременецкий _bА. А. _f1941- _gАлександр Александрович _9165459 _3RU\NLR\AUTH\770165505 |
|
| 702 | 1 |
_aСоловов _bА. П. _f1908-1993 _gАлександр Петрович _4570 |
|
| 712 | 0 | 1 |
_4570 _aРоссийская Федерация _bФедеральное агентство по недропользованию _9681416 _3RU\NLR\AUTH\8810090034 |
| 801 | 0 |
_aRU _bРКП _c20090619 _grcr |
|
| 801 | 1 |
_aRU _bРГБ _c20090619 |
|
| 801 | 2 |
_aRU _bNLR _c20090826 _grcr |
|
| 830 | _aред. по эк | ||
| 942 | _cBOOK | ||
| 980 | _aNB | ||